| 000 | 00379nam a22001337a 4500 | ||
|---|---|---|---|
| 008 | 230606b xxu||||| |||| 00| 0 eng d | ||
| 082 |
_a340.050 _bCHE |
||
| 110 | _bThe University of Nairobi Law Journal | ||
| 245 | _aThe University of Nairobi Law Journal | ||
| 260 |
_aNairobi,Kenya _bThe University of Nairobi Law Journal _c2003 |
||
| 300 | _a272p | ||
| 440 | _v1 | ||
| 942 |
_2ddc _cBK |
||
| 999 |
_c662 _d662 |
||